000 00581nam a2200241Ia 4500
005 20260306145548.0
008 008 260114s9999 xx 000 0 eng d
020 _a9789814380362
037 _aEbook
040 _aCRL
040 _beng
040 _cCRL
041 _2eng
041 _aeng
084 _qCRL
245 0 _aBuddhism, Legitimation, and Conflict
260 _bISEAS Publishing
260 _c1989
650 _aTheology and Religion
_91123750
856 _uhttps://www.degruyter.com/isbn/9789814380362
942 _cEBOOK
999 _c1689107
_d1689107